000 00456nam a2200181Ia 4500
005 20251020182558.0
008 200515s9999 xx 000 0 und d
082 _aSC/331(1)/O36/1
110 _aOIT
245 0 _aEl trabajo en el Mundo : Empleo, ingresos, protección social, nuevas técnicas de información
260 _aGinebra
260 _c1984
300 _a227
650 _aEMPLEO
650 _aPUB OIT
650 _aSALARIOS
942 _cLIB
999 _c2978
_d2978